Online
Catalog

Galería histórica / (Record no. 43799)

MARC details
000 -CABECERA
campo de control de longitud fija 00575nam a2200157 a 4500
001 - NÚMERO DE CONTROL
campo de control 000044310
005 - FECHA Y HORA DE LA ÚLTIMA TRANSACCIÓN
campo de control 20201002045302.0
008 - DATOS DE LONGITUD FIJA--INFORMACIÓN GENERAL
campo de control de longitud fija 140613s2000 dr a 000 0 spa d
040 ## - FUENTE DE LA CATALOGACIÓN
Centro catalogador/agencia de origen DO-SdBNP
Lengua de catalogación spa
Centro/agencia transcriptor BNPHU
100 1# - ENTRADA PRINCIPAL--NOMBRE DE PERSONA
Nombre de persona Ravárez Justo, Manuel Aurelio
Forma completa/desarrollada del nombre (Manolo)
9 (RLIN) 72315
245 10 - MENCIÓN DE TÍTULO
Título Galería histórica /
Mención de responsabilidad, etc. Manuel Aurelio Tavárez Justo (Manolo); editor Henry A. Rojas L. ; ilustraciones Elvis Matos.
260 ## - PUBLICACIÓN, DISTRIBUCIÓN, ETC.
Lugar de publicación, distribución, etc. Santo Domingo :
Nombre del editor, distribuidor, etc. Gráficos Hernández,
Fecha de publicación, distribución, etc. 2000.
300 ## - DESCRIPCIÓN FÍSICA
Extensión 74 p. ;
Dimensiones 23 cm.
700 12 - PUNTO DE ACCESO ADICIONAL--NOMBRE DE PERSONA
Nombre de persona Rojas L., Henry A.
Término indicativo de función/relación ed.
9 (RLIN) 17942
700 12 - PUNTO DE ACCESO ADICIONAL--NOMBRE DE PERSONA
Nombre de persona Matos, Elvis
Término indicativo de función/relación il.
9 (RLIN) 72316
Holdings
Estado de retiro Estado de pérdida No para préstamo Código de colección Localización permanente Ubicación/localización actual Ubicación en estantería Fecha de adquisición Número de inventario Total de préstamos Signatura topográfica completa Código de barras Fecha visto por última vez Precio válido a partir de Tipo de ítem Koha
    Excluido de préstamo Patrimonio Dominicano Patrimonio Dominicano Patrimonio Dominicano En catalogación 13.06.2014 LF1   44310-10 25.06.2020 25.06.2020 Libro y Folleto Colección Patrimonio Dominicano

Powered by Koha